[Event "5th Montenegro Open"]
[Site "Sozina SCG"]
[Date "2004.02.25"]
[Round "8"]
[White "Tratar,M"]
[Black "Sedlak,N"]
[Result "0-1"]
[WhiteElo "2464"]
[BlackElo "2539"]

1.Nf3 d5 2.d4 Nf6 3.c4 c6 4.Nc3 e6 5.e3 a6 6.Qc2 c5 7.dxc5 Bxc5 8.a3 O-O
9.b4 Ba7 10.Bb2 Qe7 11.Bd3 dxc4 12.Bxc4 b5 13.Bd3 Bb7 14.O-O Bxf3 15.gxf3 Nbd7
16.Rfd1 Ne5 17.Be2 Rac8 18.Qb3 Bb8 19.Nb1 Nd5 20.Nd2 Qg5+ 21.Kh1 Qh4 22.Kg2 Ng4
23.fxg4 Qxh2+ 24.Kf3 f5  0-1

[Event "11th Metalis Open"]
[Site "Bizovac CRO"]
[Date "2004.02.26"]
[Round "1"]
[White "Kosic,D"]
[Black "Margeta,Z"]
[Result "1-0"]
[WhiteElo "2501"]
[BlackElo "2120"]

1.d4 d5 2.c4 c6 3.Nc3 Nf6 4.e3 e6 5.Nf3 Nbd7 6.Qc2 Bd6 7.Bd3 a6 8.O-O O-O
9.e4 dxc4 10.Bxc4 e5 11.Rd1 Qc7 12.g3 exd4 13.Nxd4 Ne5 14.Be2 c5 15.Ndb5 axb5
16.Nxb5 Qe7 17.Nxd6 b6 18.Be3 Rd8 19.Nxc8 Raxc8 20.f3 h6 21.Rxd8+ Rxd8 22.Rd1 Nc6
23.Rxd8+ Qxd8 24.Qd3 Nd4 25.Bxd4 cxd4 26.e5 Nh7 27.f4 Nf8 28.Bd1 Ne6 29.b4 Qd7
30.Bb3 Nf8 31.f5 Kh8 32.e6 fxe6 33.fxe6 Qd6 34.Qe4  1-0

[Event "ch-BRA"]
[Site "Rio de Janeiro BRA"]
[Date "2004.02.26"]
[Round "1"]
[White "Souza Neves,A"]
[Black "Disconzi da Silva,R"]
[Result "1-0"]
[WhiteElo "2175"]
[BlackElo "2367"]

1.d4 d5 2.c4 c6 3.Nf3 Nf6 4.Nc3 e6 5.e3 Nbd7 6.Qc2 Bd6 7.Be2 O-O 8.O-O dxc4
9.Bxc4 a6 10.a4 c5 11.Rd1 Qc7 12.Ne4 Nxe4 13.Qxe4 Nf6 14.Qh4 cxd4 15.Bd3 Qc5
16.g4 Qd5 17.Nxd4 e5 18.g5 e4 19.Bc2 Ng4 20.f3 Qe5 21.fxg4 Bxg4 22.Rf1 h5
23.Bd2 f5 24.Bb3+ Kh7 25.Bc3 Rac8 26.Ne6 Rxc3 27.Nxf8+ Bxf8 28.bxc3 Qxc3
29.Bf7 Qxe3+ 30.Qf2 Qxg5 31.h4 Qf6 32.Bxh5 Qe5 33.Rac1 e3 34.Qf4 Qxf4 35.Rxf4 Ba3
36.Ra1 Bb2 37.Bxg4 fxg4 38.Rb1 e2 39.Kf2 g3+ 40.Kxe2  1-0

[Event "ch-BRA"]
[Site "Rio de Janeiro BRA"]
[Date "2004.02.26"]
[Round "1"]
[White "Toth,Chr"]
[Black "Fucs,P"]
[Result "1-0"]
[WhiteElo "2344"]
[BlackElo "2152"]

1.d4 d5 2.c4 e6 3.Nf3 c6 4.e3 Nf6 5.Nc3 Nbd7 6.Qc2 Bd6 7.g4 Bb4 8.Bd2 O-O
9.g5 Bxc3 10.Bxc3 Ne4 11.Bd3 f5 12.O-O-O Rb8 13.Kb1 b5 14.cxb5 cxb5 15.Bb4 Re8
16.Rc1 a5 17.Be1 b4 18.Qc7 Nc3+ 19.Rxc3 bxc3 20.Qxc3 Qb6 21.Qa3 Ba6 22.Bc2 Rec8
23.Bxa5 Qb5 24.Bc3 Qb7 25.Nd2 Ra8 26.Qb4 Qc6 27.Nb3 Bc4 28.Na5 Qc7 29.Nxc4 Qxc4
30.Qxc4 dxc4 31.d5 Kf7 32.dxe6+ Kxe6 33.Bxg7 Rg8 34.Bc3 Rxg5 35.f4 Rh5 36.e4 fxe4
37.Bxe4 Rf8 38.f5+  1-0

[Event "5th Montenegro Open"]
[Site "Sozina SCG"]
[Date "2004.02.26"]
[Round "9"]
[White "Barnaure,V"]
[Black "Blagojevic,D"]
[Result "1/2-1/2"]
[WhiteElo "2378"]
[BlackElo "2513"]

1.d4 d5 2.c4 c6 3.Nc3 Nf6 4.Nf3 e6 5.e3 Nbd7 6.Qc2 Bd6 7.b3 O-O 8.Be2 dxc4
9.bxc4 e5 10.O-O Re8 11.Bb2 exd4 12.exd4 Nf8 13.Rad1 Bg4 14.h3 Bh5 15.d5 Qc7
16.Nd4 Bxe2 17.Ndxe2 cxd5 18.Nxd5 Nxd5 19.Rxd5 Rad8 20.Rfd1 Bh2+ 21.Kf1 Rxd5
22.Rxd5 Bd6 23.g3 Ne6 24.Qd3 Nc5 25.Qd4 Bf8 26.Nc3 a6 27.Qg4 Qb6 28.Rd2 Qg6
29.Qxg6 hxg6 30.Nd5 Ne6 31.Bc3 Ba3 32.Rd1 Rd8 33.Rb1 b5 34.Ne3 bxc4 35.Nxc4 Rc8
36.Rb3 Bc5 37.Nd2 Rc6 38.Nf3 f6 39.Rb8+ Kf7 40.Rb7+ Rc7 41.Rxc7+ Nxc7 42.Bd4 Bxd4
43.Nxd4 Ne6 44.Nxe6 Kxe6 45.Ke2 Kd5 46.Kd3 g5 47.f3 f5 48.f4 gxf4 49.gxf4 a5
50.a4 Kc5 51.Kc3 Kd5 52.Kd3 g6 53.h4 Kc5  1/2-1/2

[Event "11th Metalis Open"]
[Site "Bizovac CRO"]
[Date "2004.02.28"]
[Round "5"]
[White "Martinovic,Sa"]
[Black "Kosic,D"]
[Result "0-1"]
[WhiteElo "2156"]
[BlackElo "2501"]

1.d4 d5 2.c4 c6 3.Nf3 e6 4.Nc3 Nf6 5.e3 Nbd7 6.Qc2 Bd6 7.g4 Bb4 8.Bd2 Qe7
9.g5 Bxc3 10.Bxc3 Ne4 11.Bd3 Nxc3 12.Qxc3 dxc4 13.Bxc4 b6 14.O-O-O Bb7 15.e4 O-O
16.h4 b5 17.Bb3 c5 18.d5 exd5 19.exd5 c4 20.Bc2 Qc5 21.Nd4 b4 22.Qh3 Ne5
23.Ne6 fxe6 24.Qxe6+ Kh8 25.Qxe5 b3 26.Bb1 Rae8 27.Qd4 Qxd4 28.Rxd4 Rxf2
29.g6 c3 30.axb3 cxb2+ 31.Kd1 Rc8 32.Ke1 Rg2 33.Kf1 Rcc2 34.Ke1 Rc1+ 35.Rd1 Ba6  0-1

[Event "VII Malaga Open"]
[Site "Campillos ESP"]
[Date "2004.02.28"]
[Round "9"]
[White "Suba,M"]
[Black "Collas,D"]
[Result "1/2-1/2"]
[WhiteElo "2522"]
[BlackElo "2436"]

1.c4 e6 2.Nf3 Nf6 3.Nc3 d5 4.d4 c6 5.e3 Nbd7 6.Be2 dxc4 7.a4 Bd6 8.Nd2 O-O
9.Nxc4 Bc7 10.O-O e5 11.a5 Qe7 12.b3 Rd8 13.Ba3 Qe6 14.Bb2 exd4 15.exd4 Nf8
16.Bf3 Ng6 17.Re1 Qf5 18.g3 a6 19.Bg2 Be6 20.Ne3 Qg5 21.b4 Ne7 22.Qd2 Bd6
23.Na4 Ned5 24.Nc5 Bxc5 25.bxc5 Nxe3 26.Qxe3 Qg6 27.Qc3 Rd7 28.Re5 Rad8 29.Qd2 h6
30.Rae1 Ng4 31.R5e2 Nf6 32.f3 Nd5 33.Re5 Nc7 34.f4 Nb5 35.Qf2 Bf5 36.h3 h5
37.Re8+ Rxe8 38.Rxe8+ Kh7 39.Re5 f6 40.Re1 Qf7 41.Qe3 Rd8 42.Kh2 Nc7 43.Qe7 Qxe7
44.Rxe7 Rd7 45.Rxd7 Bxd7 46.Bf3 Kg6 47.g4 hxg4 48.hxg4 f5 49.g5  1/2-1/2

[Event "20th Open"]
[Site "Cappelle la Grande FRA"]
[Date "2004.02.29"]
[Round "2"]
[White "Vandevoort,P"]
[Black "Thiriet,B"]
[Result "1-0"]
[WhiteElo "2379"]
[BlackElo "2202"]

1.d4 d5 2.c4 e6 3.Nc3 Nf6 4.Nf3 c6 5.e3 Bd6 6.Bd3 Nbd7 7.O-O Qe7 8.e4 dxe4
9.Nxe4 Nxe4 10.Bxe4 O-O 11.Bc2 b6 12.Qd3 f5 13.Re1 Bb7 14.c5 Bc7 15.Rxe6 Qd8
16.Bg5 Qc8 17.Be7 Ba6 18.Qe3 Bc4 19.Bxf8 Nxf8 20.Re7 Ng6 21.Rxc7 Qxc7 22.Bxf5 Nf4
23.Ne5 Nd5 24.Be6+  1-0

[Event "SFch-NED"]
[Site "Leeuwarden NED"]
[Date "2004.02.29"]
[Round "1.2"]
[White "De Jong,JW"]
[Black "Delemarre,J"]
[Result "1/2-1/2"]
[WhiteElo "2237"]
[BlackElo "2464"]

1.d4 d5 2.c4 c6 3.Nc3 e6 4.e3 Nf6 5.Nf3 Nbd7 6.Bd3 dxc4 7.Bxc4 b5 8.Bd3 a6
9.e4 c5 10.e5 cxd4 11.Nxb5 axb5 12.exf6 gxf6 13.O-O Qb6 14.Qe2 b4 15.Rd1 Bc5
16.Bf4 h5 17.Rac1 Rg8 18.Nd2 Bb7 19.Be4 f5 20.Nc4 Bxe4 21.Nxb6 Rxg2+ 22.Kf1 d3
23.Rxd3 Rxf2+ 24.Qxf2 Bxd3+ 25.Kg2 Be4+ 26.Kf1 Bd3+ 27.Kg2 Be4+ 28.Kf1  1/2-1/2

[Event "ch-TUR"]
[Site "Kusadasi TUR"]
[Date "2004.03.04"]
[Round "7"]
[White "Polatel,A"]
[Black "Bayram,Y"]
[Result "1-0"]
[WhiteElo "2163"]
[BlackElo "2292"]

1.Nf3 Nf6 2.c4 e6 3.Nc3 d5 4.d4 c6 5.e3 Be7 6.Qc2 O-O 7.Be2 Nbd7 8.O-O a6
9.c5 Qc7 10.b4 e5 11.dxe5 Nxe5 12.Bb2 Nfg4 13.g3 f5 14.Rad1 Bf6 15.Nd4 g6
16.h3 Nh6 17.f4 Nef7 18.Bf3 Qxf4 19.exf4 Rd8 20.Rfe1 Be6 21.Qg2 Rd7 22.b5 Re8
23.Ra1 Rde7 24.Qf2 g5 25.Re5 g4 26.Bg2 gxh3 27.Bxh3 Bc8 28.Nxd5 cxd5 29.Bg2 Be6
30.Ba3 Ng4 31.Bf3 Rc7 32.Qc2 Kh8 33.Qh2 Kg7 34.Kg2 Kf8 35.Qh5  1-0

[Event "70th ch-BLR"]
[Site "Minsk BLR"]
[Date "2004.03.05"]
[Round "2"]
[White "Tihonov,J"]
[Black "Novitzkij,D"]
[Result "1/2-1/2"]
[WhiteElo "2443"]
[BlackElo "2408"]

1.d4 d5 2.c4 c6 3.Nf3 Nf6 4.Nc3 e6 5.e3 Nbd7 6.Qc2 Bd6 7.g4 dxc4 8.Bxc4 b6
9.e4 Bb7 10.e5 c5 11.exf6 Bxf3 12.fxg7 Rg8 13.Qxh7 Nf6 14.Bb5+ Ke7 15.Bg5 Bf4
16.Qh3 Bxh1 17.Bxf4 Qxd4 18.Qg3 Ne4 19.Qh4+ Qf6 20.g5 Qxg7 21.O-O-O Rad8
22.g6+ f6 23.Rxh1 Rh8 24.Qg4 Nxf2 25.Qg2 Nxh1 26.Bc7 Qh6+ 27.Kb1 Rd2 28.Bd6+  1/2-1/2

[Event "ch-TUR"]
[Site "Kusadasi TUR"]
[Date "2004.03.06"]
[Round "11"]
[White "Ataman,A"]
[Black "Azizoglu,F"]
[Result "1/2-1/2"]
[WhiteElo "2198"]
[BlackElo "1988"]

1.d4 d5 2.c4 c6 3.Nf3 e6 4.e3 Nf6 5.Nc3 Nbd7 6.Qc2 Bd6 7.g4 Bb4 8.Bd2 O-O
9.Rg1 Qe7 10.O-O-O Bxc3 11.Bxc3 Ne4 12.Be1 e5 13.Bd3 exd4 14.Nxd4 Ndc5 15.Be2 a5
16.Kb1 Re8 17.h4 Qf8 18.h5 Na6 19.a3 dxc4 20.Bxc4 b5 21.Nxb5 cxb5 22.Bd5 Rb8
23.Bxe4 b4 24.a4 Be6 25.Bd5 Rec8 26.Qd2  1/2-1/2

[Event "ch-TUR"]
[Site "Kusadasi TUR"]
[Date "2004.03.07"]
[Round "12"]
[White "Goksel,D"]
[Black "Cetinkaya,V"]
[Result "1/2-1/2"]
[WhiteElo "2130"]
[BlackElo "2069"]

1.Nf3 d5 2.d4 Nf6 3.c4 e6 4.Nc3 c6 5.e3 Bd6 6.Qc2 Nbd7 7.Bd3 O-O 8.O-O dxc4
9.Bxc4 e5 10.Bb3 Qe7 11.h3 h6 12.Nh4 Re8 13.Nf5 Qf8 14.Bd2 Nb6 15.Rae1 Bc7
16.dxe5 Bxf5 17.Qxf5 Rxe5 18.Qc2 Rd8 19.f4 Re7 20.e4 Red7 21.Be3 Qb4 22.a3 Qa5
23.Rd1 Qa6 24.Rxd7 Rxd7 25.Rd1 Nc4 26.Bxc4 Qxc4 27.Rxd7 Nxd7 28.Qe2 Qxe2
29.Nxe2 Bb6 30.Bxb6 Nxb6 31.b3 Nd7 32.Nc3  1/2-1/2

[Event "TCh-BEL 2003-4"]
[Site "Belgium BEL"]
[Date "2004.03.09"]
[Round "10"]
[White "Dal Borgo,A"]
[Black "Plumanns,D"]
[Result "1-0"]
[WhiteElo "2183"]
[BlackElo "2219"]

1.d4 d5 2.c4 c6 3.Nc3 Nf6 4.e3 e6 5.Nf3 Nbd7 6.Qc2 dxc4 7.Bxc4 b5 8.Bd3 Bb7
9.Bd2 Be7 10.Ne4 Qb6 11.b4 Nd5 12.a3 e5 13.Nxe5 Nxe5 14.dxe5 O-O 15.Nc5 Bxc5
16.bxc5 Qc7 17.f4 h6 18.O-O Rad8 19.Rf3 Bc8 20.e4 Ne7 21.Rg3 f5 22.exf6 Rxf6
23.f5 g5 24.Bc3 Rf7 25.Bb2 Kh7 26.Qc3 Qd7 27.h4 Qc7 28.Bc2 Nxf5 29.exf5 Bxf5
30.hxg5 Bxc2 31.Qxc2+ Kg8 32.Qg6+  1-0

[Event "21st Open"]
[Site "Reykjavik ISL"]
[Date "2004.03.09"]
[Round "3"]
[White "Hillarp Persson,T"]
[Black "Thorfinnsson,Bj"]
[Result "1-0"]
[WhiteElo "2530"]
[BlackElo "2340"]

1.d4 d5 2.c4 c6 3.Nc3 Nf6 4.e3 e6 5.Nf3 Nbd7 6.Bd3 dxc4 7.Bxc4 b5 8.Bd3 a6
9.e4 c5 10.e5 cxd4 11.Nxb5 axb5 12.exf6 gxf6 13.O-O Qb6 14.Qe2 Ba6 15.Rd1 Nc5
16.Nxd4 Nxd3 17.Qxd3 Rd8 18.Be3 Bc5 19.b4 Bxb4 20.Nxe6 Rxd3 21.Bxb6 Rxd1+
22.Rxd1 Ke7 23.Nc7 Bb7 24.Nd5+ Bxd5 25.Rxd5 Ra8 26.Rxb5 Rxa2 27.g3 Bd2 28.Bd4 h6
29.Kg2 Ra6 30.Rb2 Bc1 31.Rc2 Ba3 32.Ra2 Rd6 33.Be3 Bb4 34.Ra4  1-0

[Event "1st Chiuso It"]
[Site "Rome ITA"]
[Date "2004.03.09"]
[Round "2"]
[White "Corvi,M"]
[Black "Marzano,C"]
[Result "1/2-1/2"]
[WhiteElo "2295"]
[BlackElo "2228"]

1.c4 c6 2.Nf3 d5 3.e3 Nf6 4.Nc3 e6 5.d4 Nbd7 6.Qc2 Bd6 7.e4 Nxe4 8.Nxe4 dxe4
9.Qxe4 Nf6 10.Qh4 Bb4+ 11.Bd2 Bxd2+ 12.Nxd2 h6 13.Qf4 Qa5 14.Bd3 O-O 15.O-O-O Qxa2
16.g4 Qa5 17.h4 e5 18.dxe5 Nxg4 19.Rhg1 Nxe5 20.Bc2 Ng6 21.Qg3 Qe5 22.Qd3 Re8
23.Kb1 Be6 24.f4 Nxf4 25.Qh7+ Kf8 26.Rde1 Qf6 27.Ne4 Qd4 28.Rd1 Qe5 29.Nd6 Red8
30.Rge1 Ne2 31.Qd3 Ke7 32.Qa3 Rxd6 33.Rxe2 Qxe2 34.Qxd6+ Ke8 35.Qg3 Qxc4
36.Qxg7 Qa2+ 37.Kc1 Ke7 38.Qxh6 Qa1+ 39.Bb1 Qa5 40.Qf4 Qc5+ 41.Bc2 Rd8 42.Rh1 Qd4
43.Qg5+ Qf6 44.Qc5+ Kd7 45.h5 Bd5 46.Rd1 b6 47.Qa3 a5 48.Qe3 Kc7 49.h6 Rd6
50.h7 Qh6 51.Qxh6 Rxh6 52.Rg1 Rh2 53.Bd3 Bc4 54.Bxc4 Rxh7 55.Rf1 Kd6 56.Bxf7 Rh2
57.Kb1 b5 58.Rd1+ Kc5 59.Be8 Rh6 60.Ka2 Kb4 61.Rd4+ Kc5 62.Rg4 a4 63.Rg5+ Kb4
64.Rg4+ Ka5 65.Rg5 Kb4 66.Rg4+  1/2-1/2

[Event "21st Open"]
[Site "Reykjavik ISL"]
[Date "2004.03.10"]
[Round "4"]
[White "Thorfinnsson,Br"]
[Black "Halldorsson,Br"]
[Result "1-0"]
[WhiteElo "2380"]
[BlackElo "2211"]

1.d4 c6 2.c4 d5 3.Nc3 Nf6 4.e3 e6 5.Nf3 Nbd7 6.Qc2 Bd6 7.g4 Qe7 8.g5 Nh5
9.Bd2 b6 10.h4 Bb7 11.cxd5 exd5 12.O-O-O g6 13.Bh3 f5 14.gxf6 Nhxf6 15.Ng5 O-O-O
16.Nb5 Bb4 17.Bxb4 Qxb4 18.Nf7 Rdf8 19.Nbd6+ Kc7 20.a3 Qa5 21.Nxb7 Kxb7 22.Nxh8 Rxh8
23.h5 g5 24.Bxd7 Nxd7 25.Qf5 Rd8 26.Qxh7  1-0

[Event "21st Open"]
[Site "Reykjavik ISL"]
[Date "2004.03.11"]
[Round "5"]
[White "Pedersen,NV"]
[Black "Thorfinnsson,Br"]
[Result "1/2-1/2"]
[WhiteElo "2510"]
[BlackElo "2380"]

1.d4 d5 2.c4 c6 3.Nc3 Nf6 4.e3 e6 5.Nf3 Nbd7 6.Bd3 dxc4 7.Bxc4 b5 8.Bb3 a6
9.e4 b4 10.e5 bxc3 11.exf6 cxb2 12.fxg7 Bxg7 13.Bxb2 Qa5+ 14.Nd2 O-O 15.O-O Rd8
16.Rc1 Bb7 17.Ne4 c5 18.Re1 Bxe4 19.Rxe4 cxd4 20.Rxd4 Ne5 21.Qe2 Rxd4 22.Bxd4 Rd8
23.Bc3 Qa3 24.Re1 Ng6 25.Bxg7 Kxg7 26.h4 h5 27.g3 Qb4 28.Rc1 Qd2 29.Qxd2 Rxd2
30.Rc5 Kf6 31.f4 Ne7 32.Bc2 Nd5 33.a4 Ne3 34.Be4 Rd4 35.Bf3 Rxa4 36.Bxh5 Nd5
37.Bf3 Ne7 38.Rc1 a5 39.h5 Nf5 40.Kg2 Ra2+ 41.Kh3 Ra3 42.Kg2 Ra2+ 43.Kh3 Ra3
44.Kg2 Ra2+  1/2-1/2

[Event "21st Open"]
[Site "Reykjavik ISL"]
[Date "2004.03.12"]
[Round "6"]
[White "Johannesson,I"]
[Black "Halldorsson,Br"]
[Result "1/2-1/2"]
[WhiteElo "2302"]
[BlackElo "2211"]

1.d4 c6 2.c4 d5 3.Nc3 Nf6 4.e3 e6 5.Nf3 Nbd7 6.Qc2 Bd6 7.g4 dxc4 8.Bxc4 Qe7
9.Bd2 b5 10.Be2 Bb7 11.g5 Nd5 12.Ne4 Rc8 13.Nxd6+ Qxd6 14.e4 Ne7 15.b4 e5
16.Qb2 exd4 17.Qxd4 Qxd4 18.Nxd4 O-O 19.O-O a6 20.f3 c5 21.bxc5 Nxc5 22.Bb4 Rfd8
23.Rfd1 Ng6 24.Nf5 Ne6 25.h4 Rxd1+ 26.Rxd1 Rd8 27.Rxd8+ Nxd8 28.Kf2 Bc8 29.Ne7+ Nxe7
30.Bxe7 Nc6 31.Bc5 Be6 32.a3 f5 33.exf5 Bxf5 34.a4 Ne5 35.axb5 axb5 36.Ke3 Nc4+
37.Kd4 g6 38.Kd5 Bd7 39.Bd4 Kf7 40.f4 Nd2 41.Kd6 Ke8 42.h5 Ne4+ 43.Ke5 Ng3
44.hxg6 hxg6 45.Bd3 Kf7 46.Bc5 Nf5 47.Be4 Be6 48.Bc6 Bc4 49.Bd7 Ng7 50.Bb4  1/2-1/2

[Event "21st Open"]
[Site "Reykjavik ISL"]
[Date "2004.03.12"]
[Round "6"]
[White "Thorfinnsson,Br"]
[Black "Markus,R"]
[Result "0-1"]
[WhiteElo "2380"]
[BlackElo "2527"]

1.d4 d5 2.c4 c6 3.Nc3 Nf6 4.e3 e6 5.Nf3 a6 6.Qc2 c5 7.cxd5 exd5 8.Be2 Nc6
9.O-O cxd4 10.exd4 Be7 11.Ne5 O-O 12.Be3 Bd6 13.f4 Qb6 14.Na4 Nxd4 15.Nxb6 Nxc2
16.Bf2 Nxa1 17.Nxa8 Ne4 18.Bb6 f6 19.Nc4 dxc4 20.Bxc4+ Kh8 21.Rxa1 Bf5 22.Nc7 Rc8
23.Rd1 h5 24.Be6 Bxc7 25.Bxf5 Bxb6+ 26.Kf1 Rc4 27.g3 g5 28.b3 Nc3 29.Rd7 Rc7
30.Rd6 Rc6 31.Rd7 gxf4 32.gxf4 Nxa2  0-1

[Event "TCh-SWE 2003-4"]
[Site "Goteborg SWE"]
[Date "2004.03.13"]
[Round "10"]
[White "Sokolov,I"]
[Black "Ivanov,Se1"]
[Result "1-0"]
[WhiteElo "2706"]
[BlackElo "2544"]

1.d4 d5 2.c4 c6 3.Nc3 Nf6 4.e3 e6 5.Nf3 a6 6.b3 Bb4 7.Bd2 Nbd7 8.Bd3 O-O
9.O-O Qe7 10.Qe1 Bd6 11.c5 Bc7 12.e4 e5 13.exd5 Nxd5 14.Qe4 N5f6 15.Qh4 Re8
16.Rae1 Qf8 17.Ne4 Nxe4 18.Rxe4 Bd8 19.Qg3 exd4 20.Rxe8 Qxe8 21.Re1 Qf8 22.Bf4 Be7
23.Bd6 Bxd6 24.cxd6 Nf6 25.Re7 Be6 26.Nxd4 Bd7 27.Bf5 Re8 28.Bxd7 Nxd7 29.Nf5 g6
30.Qe3 Nf6 31.Qe5 gxf5 32.Qxf6 Rxe7 33.dxe7 Qe8 34.h4 c5 35.h5 h6 36.Qd6 f6
37.Qxf6  1-0

[Event "Koenigsspringer IM"]
[Site "Hamburg GER"]
[Date "2004.03.13"]
[Round "8"]
[White "Hochgraefe,M"]
[Black "Boidman,Y"]
[Result "1-0"]
[WhiteElo "2327"]
[BlackElo "2418"]

1.Nf3 d5 2.d4 Nf6 3.c4 c6 4.Nc3 e6 5.e3 Nbd7 6.Bd3 dxc4 7.Bxc4 b5 8.Bd3 a6
9.e4 c5 10.e5 cxd4 11.Nxb5 Ng4 12.Qa4 Ngxe5 13.Nxe5 Nxe5 14.Nd6+ Ke7 15.Nxc8+ Rxc8
16.Bxa6 Ra8 17.Qb5 Qd5 18.Qxd5 exd5 19.Bb5 Kf6 20.O-O Bc5 21.Bf4 Rhb8 22.a4 Rb6
23.Rac1 Bd6 24.Bg3 Ke6 25.Rfe1 g5 26.Rcd1 Rxb5 27.axb5 Ra4 28.b3 Rb4 29.Bxe5 Bxe5
30.Rd3 h5 31.h3 Kd6 32.Ra1 Rxb5 33.Ra6+ Kc5 34.g3 f6 35.Kf1 Rb7 36.Ra5+ Kd6
37.f4 gxf4 38.gxf4 Bxf4 39.Rxd4 Be5 40.Rdxd5+ Ke6 41.Rd3 h4 42.Ke2 Rg7 43.Ra6+ Kf5
44.Rf3+ Kg5 45.Ra4 f5 46.Ra5 Bf4 47.Rd5 Re7+ 48.Kd3 Re1 49.b4 Be5 50.Re3 Rd1+
51.Kc4 Rc1+ 52.Kb5 Bf4 53.Rf3 Rg1 54.Kc6 Rg3 55.Rdd3 Be5 56.Kd5 Bc7 57.b5 f4
58.Ke4 Rg1 59.Rd5+ Kg6 60.Rc3 Re1+ 61.Kf3 Re7 62.Kg4 Bb8 63.Rc6+ Kh7 64.b6 Rf7
65.Rf5 Rd7 66.Kxh4 Bd6 67.Kh5 Bb8 68.Rfc5 f3 69.Rc7 Bxc7 70.bxc7 f2 71.c8=Q Rf7
72.Qf5+  1-0

[Event "SFch-NED"]
[Site "Leeuwarden NED"]
[Date "2004.03.13"]
[Round "2.1"]
[White "Tondivar,B"]
[Black "Delemarre,J"]
[Result "1/2-1/2"]
[WhiteElo "2304"]
[BlackElo "2464"]

1.d4 d5 2.c4 c6 3.e3 Nf6 4.Nc3 e6 5.Nf3 Nbd7 6.Bd3 dxc4 7.Bxc4 b5 8.Be2 Bb7
9.O-O a6 10.e4 c5 11.e5 Nd5 12.a4 b4 13.Ne4 Qc7 14.a5 h6 15.Qd3 Rc8 16.Bd2 Be7
17.Rfc1 O-O 18.Ne1 Qb8 19.Qg3 Kh8 20.Qh3 Kg8 21.Qg3 Kh8 22.Qh3 Kg8  1/2-1/2

[Event "Petrosian Mem"]
[Site "Stepanakert AZE"]
[Date "2004.03.13"]
[Round "5"]
[White "Sargissian,G"]
[Black "Sveshnikov,E"]
[Result "1/2-1/2"]
[WhiteElo "2618"]
[BlackElo "2557"]

1.d4 d5 2.c4 e6 3.Nf3 Nf6 4.Nc3 c6 5.e3 Nbd7 6.Qc2 Bd6 7.g4 Bb4 8.Bd2 Qe7
9.Rg1 Bxc3 10.Bxc3 Ne4 11.O-O-O Nxc3 12.Qxc3 O-O 13.g5 dxc4 14.Bxc4 b5 15.Bd3 Bb7
16.Qc2 g6 17.Be4 Rab8 18.Kb1 c5 19.Bxb7 Rxb7 20.dxc5 Nxc5 21.Ne5 Rc7 22.h4 Rfc8
23.Ng4 Na4 24.Qe4 Rc2 25.Qe5 Qc7 26.Nf6+ Kf8 27.Nxh7+ Ke7 28.Qf6+ Ke8 29.Qh8+ Ke7
30.Qf6+ Ke8 31.Qh8+  1/2-1/2

[Event "Petrosian Mem"]
[Site "Stepanakert AZE"]
[Date "2004.03.15"]
[Round "7"]
[White "Pelletier,Y"]
[Black "Sveshnikov,E"]
[Result "1/2-1/2"]
[WhiteElo "2587"]
[BlackElo "2557"]

1.d4 d5 2.c4 c6 3.Nc3 e6 4.Nf3 Nf6 5.e3 Nbd7 6.Bd3 dxc4 7.Bxc4 b5 8.Bd3 b4
9.Ne4 Nxe4 10.Bxe4 Bb7 11.Qa4 Qb6 12.O-O Be7 13.Nd2 Rc8 14.a3 Ba6 15.Rd1 Be2
16.Re1 Bb5 17.Qb3 c5 18.axb4 cxd4 19.Nf3 Nf6 20.Bb1 O-O 21.exd4 Bc4 22.Qe3 Bxb4
23.Rd1 Qb5 24.Ne5 Be2 25.Bd3 Bxd3 26.Qxd3 Qxd3 27.Nxd3 a5 28.Be3 Nd5 29.Nxb4 axb4
30.Rdc1 h6 31.Kf1 Rxc1+ 32.Rxc1 Kh7 33.Bd2 Ra8 34.Ke2 Ra2 35.Rb1 Nc3+ 36.bxc3 bxc3
37.Rd1 Kg6 38.Ke3 cxd2 39.Rxd2 Rxd2 40.Kxd2 Kf6 41.Kd3 Ke7 42.Kc4 Kd6 43.f3 h5
44.Kd3 Kd5 45.Kc3 g5 46.Kd3 f5 47.h3 Kd6 48.Kc4 Kc6 49.Kc3 Kd6 50.Kc4 e5
51.Kd3 Kd5  1/2-1/2

[Event "FSGM March"]
[Site "Budapest HUN"]
[Date "2004.03.17"]
[Round "12"]
[White "Flumbort,A"]
[Black "Pataki,G"]
[Result "0-1"]
[WhiteElo "2481"]
[BlackElo "2374"]

1.d4 d5 2.c4 c6 3.Nf3 Nf6 4.Nc3 e6 5.e3 Nbd7 6.Bd3 dxc4 7.Bxc4 b5 8.Bd3 Bb7
9.e4 b4 10.Na4 c5 11.e5 Nd5 12.O-O cxd4 13.Nxd4 Be7 14.Re1 O-O 15.Qh5 g6
16.Qh6 Nxe5 17.Rxe5 Nf6 18.Nxe6 fxe6 19.Qh3 Bd5 20.Bh6 Rf7 21.b3 Bf8 22.Bg5 Qd6
23.Ree1 Nh5 24.Be4 Bg7 25.Rad1 Raf8 26.Be3 Qc6 27.Rc1 Qa8 28.Bxd5 exd5 29.Bc5 Nf4
30.Qg4 h5 31.Qf3 Re8 32.Kf1 Ne2 33.Qd3 Nxc1 34.Rxc1 Kh7 35.Bxb4 Qb8  0-1

[Event "ch-VIE"]
[Site "Dalat City VIE"]
[Date "2004.03.17"]
[Round "8"]
[White "Ngo Ngoc Quang"]
[Black "Duong The Anh"]
[Result "0-1"]
[WhiteElo "2328"]
[BlackElo "2281"]

1.c4 Nf6 2.Nc3 e6 3.d4 d5 4.Nf3 c6 5.e3 Nbd7 6.Bd3 dxc4 7.Bxc4 b5 8.Bd3 Bd6
9.Qc2 Bb7 10.e4 e5 11.Bg5 h6 12.Bh4 exd4 13.Nxd4 Bc5 14.Nb3 Be7 15.O-O O-O
16.f4 b4 17.Nd1 a5 18.e5 Nd5 19.Bxe7 Qxe7 20.Nd4 b3 21.Qe2 Qc5 22.Qe4 f5
23.exf6 N7xf6 24.Qe6+ Kh8  0-1

[Event "5th Karpov"]
[Site "Poikovsky RUS"]
[Date "2004.03.17"]
[Round "1"]
[White "Sokolov,I"]
[Black "Lautier,J"]
[Result "1/2-1/2"]
[WhiteElo "2706"]
[BlackElo "2676"]

1.d4 d5 2.c4 c6 3.Nc3 Nf6 4.e3 e6 5.Nf3 Nbd7 6.Bd3 dxc4 7.Bxc4 b5 8.Bd3 b4
9.Ne4 Nxe4 10.Bxe4 Bb7 11.Qc2 Rc8 12.a3 Qb6 13.axb4 Bxb4+ 14.Bd2 c5 15.Bxb7 Bxd2+
16.Qxd2 Qxb7 17.O-O O-O 18.Ra5 Rc7 19.h3 h6 20.Rfa1 Qb8 21.Qe2  1/2-1/2

[Event "Blitz"]
[Site "Reykjavik ISL"]
[Date "2004.03.17"]
[Round "2"]
[White "Karpov,Ana"]
[Black "Kasparov,G"]
[Result "1/2-1/2"]
[WhiteElo "2682"]
[BlackElo "2831"]

1.d4 Nf6 2.Nf3 d5 3.c4 e6 4.Nc3 c6 5.e3 Nbd7 6.Bd3 dxc4 7.Bxc4 b5 8.Bd3 Bb7
9.O-O a6 10.a3 c5 11.dxc5 Bxc5 12.b4 Be7 13.Bb2 O-O 14.Qe2 Ne5 15.Rfd1 Bxf3
16.gxf3 Nxd3 17.Rxd3 Qc7 18.Rad1 Rfd8 19.Ne4 Nxe4 20.fxe4 Rxd3 21.Rxd3 Rd8
22.Rxd8+ Qxd8 23.Qc2 Qd7 24.Bd4 h5 25.f3 Bd6 26.Kg2 Qc7 27.Qxc7 Bxc7 28.f4 g6
29.Bf6 Kf8 30.Kf3 Ke8 31.e5 a5 32.Bh4 Kd7 33.Be1 a4 34.Bh4 Bb6 35.h3  1/2-1/2

[Event "ch-VIE"]
[Site "Dalat City VIE"]
[Date "2004.03.18"]
[Round "9"]
[White "Nguyen Huynh Minh H"]
[Black "Ngo Ngoc Quang"]
[Result "1-0"]
[WhiteElo "2188"]
[BlackElo "2328"]

1.d4 Nf6 2.c4 e6 3.Nc3 d5 4.Nf3 c6 5.e3 Nbd7 6.Qc2 Bd6 7.Bd3 dxc4 8.Bxc4 b5
9.Be2 Bb7 10.O-O a6 11.e4 e5 12.Bg5 Qc7 13.Rad1 exd4 14.Rxd4 c5 15.Rdd1 b4
16.Bxf6 Nxf6 17.e5 Bxe5 18.Nxe5 bxc3 19.Qa4+ Ke7 20.Qb3 Rhf8 21.Rfe1 Rad8
22.Bf3 Be4 23.Bxe4 Qxe5 24.Bd3  1-0

[Event "TCh-AUT 2003-4"]
[Site "Jenbach AUT"]
[Date "2004.03.18"]
[Round "8"]
[White "Hertneck,G"]
[Black "Schlosser,P"]
[Result "0-1"]
[WhiteElo "2536"]
[BlackElo "2560"]

1.d4 Nf6 2.Nf3 d5 3.c4 e6 4.Nc3 c6 5.e3 Nbd7 6.Bd3 dxc4 7.Bxc4 b5 8.Bd3 Bb7
9.O-O a6 10.a4 b4 11.Ne4 c5 12.Ned2 Be7 13.Re1 O-O 14.e4 cxd4 15.e5 Nd5 16.Nb3 a5
17.Nfxd4 Qb8 18.Qe2 Rc8 19.Bd2 N5b6 20.f4 Nc5 21.f5 Nxd3 22.Qxd3 Bd5 23.Qg3 Bf8
24.f6 g6 25.Qh4 Bxb3 26.Nxb3 Rc2 27.Bh6 Rxb2 28.Bxf8 Qxf8 29.Re3 Rc8 30.Rh3 h6
31.Kh1 Rc4 32.Qe1 Qa8 33.Nd2 Rg4 34.Qe2 h5 35.Rb3 Rc2 36.Rg1 Nxa4 37.Qd1 Rc3
38.Qa1 Qc6 39.Rxc3 bxc3 40.Nf3 c2 41.Qc1 Kf8 42.Qa3+ Rb4 43.Nd4 Qc3 44.Nxc2 Qxa3
45.Nxa3 Ke8 46.Rc1 Kd7 47.Nc4 Nb2 48.Nxa5 Rb5 49.Ra1 Kc7 50.h3 Kb6 51.Ra2 Kc5
52.g4 hxg4 53.hxg4 Kd5 54.g5 Nd3 55.Rd2 Rxa5 56.Rxd3+ Kxe5 57.Rd7 Kf4 58.Kh2 Kxg5
59.Rxf7 Rf5 60.Kg3 Rxf6 61.Re7 Kf5  0-1

[Event "TCh-AUT 2003-4"]
[Site "Jenbach AUT"]
[Date "2004.03.19"]
[Round "9"]
[White "Weissenbeck,M"]
[Black "Singer,Ri"]
[Result "0-1"]
[WhiteElo "2264"]
[BlackElo "2269"]

1.Nf3 d5 2.d4 c6 3.e3 e6 4.c4 Nf6 5.Nc3 Nbd7 6.Bd3 Bb4 7.O-O dxc4 8.Bxc4 Qe7
9.a3 Bd6 10.e4 e5 11.Bg5 O-O 12.Re1 Re8 13.Qd2 exd4 14.Nxd4 Ne5 15.Bf1 Bc5
16.b4 Bxd4 17.Qxd4 h6 18.Bf4 g5 19.Bc1 Bg4 20.Qe3 Nh5 21.h3 Be6 22.g3 f6
23.Bb2 Rad8 24.Rad1 Bc4 25.Be2 Bxe2 26.Qxe2 Qf7 27.Rxd8 Rxd8 28.Rd1 Rxd1+
29.Qxd1 Ng7 30.Kg2 Qc4 31.Qd8+ Kf7 32.Qd1 Ne6 33.Qe2 Nd3 34.Ba1 Ndf4+  0-1

[Event "Rapid"]
[Site "Reykjavik ISL"]
[Date "2004.03.20"]
[Round "3.1"]
[White "Kasparov,G"]
[Black "Nielsen,PH"]
[Result "1/2-1/2"]
[WhiteElo "2831"]
[BlackElo "2638"]

1.d4 d5 2.c4 c6 3.Nc3 Nf6 4.e3 e6 5.Nf3 Nbd7 6.Qc2 Bd6 7.g4 Nxg4 8.Rg1 f5
9.h3 Ngf6 10.Rxg7 Ne4 11.Bd2 Qf6 12.Rg2 Nf8 13.O-O-O Bd7 14.Ne5 Nxd2 15.Nxd7 Nxd7
16.Rxd2 a6 17.f4 Bb4 18.cxd5 cxd5 19.Qb3 Qe7 20.Rc2 Nf6 21.Ne2 Kf7 22.Ng1 Rhc8
23.Nf3 Bd6 24.Kb1 Ne4 25.Bd3 h6 26.a3 Rxc2 27.Qxc2 Rg8 28.Rxg8 Kxg8 29.Qc8+ Kg7
30.Ka2 Nf6 31.b4 Qd7 32.Qxd7+ Nxd7 33.Kb3 Kf7 34.a4 Nb8 35.a5 Nc6 36.Ne5+  1/2-1/2